00587cam a22001692 4500001001100000005001700011008004100028040001500069110006100084245007900145250001300224260004200237300001700279610006100296610005700357852000300414000002482020151217155917.0140212s xx 000 0 eng d aKABUcKABU2 aKenya.bMinistry of Devolution and Planning.@000018505810aNyamira County development profile /cMinistry of Devolution and Planning. a1st ed. aNairobi :bGovernment Printer,c2013. axvii, 160 p.20aNyamira County (Kenya)xEconomic conditions.@000018508820aNyamira County (Kenya)xEconomic policy.@00001850881